Mexican jewelry (Record no. 10404)

MARC details
000 -CABECERA
campo de control de longitud fija 00743nam a2200241 a 4500
001 - NÚMERO DE CONTROL
campo de control BRL_1595
005 - FECHA Y HORA DE LA ÚLTIMA TRANSACCIÓN
campo de control 20190320211259.0
008 - DATOS DE LONGITUD FIJA--INFORMACIÓN GENERAL
campo de control de longitud fija 090414s1963----u--ao#####---#000-0#eng-#
041 ## - CÓDIGO DE LENGUA
Código de lengua del texto/banda sonora o título independiente eng
044 ## - CÓDIGO DEL PAÍS DE LA ENTIDAD EDITORA/PRODUCTORA
Código MARC del país u
050 #4 - SIGNATURA TOPOGRÁFICA DE LA BIBLIOTECA DEL CONGRESO
Número de clasificación NK7314
Número de documento/Ítem .D38 1963
100 1# - ENTRADA PRINCIPAL--NOMBRE DE PERSONA
Nombre de persona Davis, Mary L.
9 (RLIN) 27388
245 10 - MENCIÓN DE TÍTULO
Título Mexican jewelry
Mención de responsabilidad, etc. Mary L. Davis and Greta Pack ; with drawings by Mary L. Davis.
260 ## - PUBLICACIÓN, DISTRIBUCIÓN, ETC.
Lugar de publicación, distribución, etc. Austin, Texas
Nombre del editor, distribuidor, etc. University of Texas
Fecha de publicación, distribución, etc. 1963
300 ## - DESCRIPCIÓN FÍSICA
Extensión xv, 262 p.
Otras características físicas il., fotografías (blanco y negro)
Dimensiones 22 cm.
500 ## - NOTA GENERAL
Nota general Au382
500 ## - NOTA GENERAL
Nota general Estado físico: Camisa un poco rota.
504 ## - NOTA DE BIBLIOGRAFÍA, ETC.
Nota de bibliografía, etc. Bibliografía: p. 245-249
650 14 - PUNTO DE ACCESO ADICIONAL DE MATERIA--TÉRMINO DE MATERIA
Término de materia o nombre geográfico como elemento de entrada Joyas
Subdivisión general Historia
Subdivisión geográfica México
9 (RLIN) 27389
700 1# - PUNTO DE ACCESO ADICIONAL--NOMBRE DE PERSONA
Nombre de persona Greta, Pack
Término indicativo de función/relación coaut.
9 (RLIN) 27390
902 ## - CATALOGADOR
Iniciales GRL
942 ## - ELEMENTOS DE PUNTO DE ACCESO ADICIONAL (KOHA)
Fuente del sistema de clasificación o colocación Library of Congress Classification
Tipo de ítem Koha Libros
Holdings
Estado de retiro Estado de pérdida Estado dañado No para préstamo Localización permanente Ubicación/localización actual Fecha de adquisición Número de inventario Total de préstamos Signatura topográfica completa Código de barras Fecha visto por última vez Precio válido a partir de Tipo de ítem Koha
El ejemplar forma parte de la colección y puede ser consultado según las políticas vigentes.       Biblioteca Centro de Estudios Ruth D. Lechuga Biblioteca Centro de Estudios Ruth D. Lechuga 09/04/2014 Au382   NK7314 .D38 1963 (Au382) GRL01755 22/03/2019 22/03/2019 Libros